Random Rocket League Cars Picture Quiz - Statistics

General Stats
  • This quiz has been taken 148 times
    86 since last reset
  • The average score is 8 of 20
Answer Stats
Picture Answer % Correct
007's Aston Martin DB5
100%
1966 Cadillac DeVille
100%
Aftershock
100%
Batmobile (1989)
100%
Batmobile (2016)
100%
Battle Bus
100%
BMW 1 Series
100%
Dingo
100%
Fast & Furious Dodge Charger SRT Hellcat
100%
Fennec
100%
Ferrari 296 GTB
100%
Ford Bronco Raptor RLE
100%
Ford Mustang Mach-E RLE
100%
Jurassic Jeep® Wrangler
100%
Lamborghini Countach LPI 800-4
100%
Lamborghini Huracán STO
100%
Lighting McQueen
100%
Mario NSR
100%
Merc
100%
Nimbus
100%
Nissan Fairlady Z
100%
Porsche 911 GT3 RS
100%
Porsche 918 Spyder
100%
Takumi
100%
Tesla Cybertruck
100%
Triton
100%
Vulcan
100%
X-Devil
100%
Volkswagen Golf GTI
83%
Breakout
80%
Hotshot
80%
Lamborghini Urus SE
80%
Venom
80%
Ford Mustang GTD
75%
Luigi NSR
75%
Marauder
75%
McLaren 570S
75%
NASCAR Ford Mustang
75%
Backfire
67%
BMW M240i
67%
Breakout Type-S
67%
Chevrolet Corvette ZR1
67%
DeLorean Time Machine
67%
Dominus
67%
Dominus GT
67%
Ferrari F40
67%
Ford F-150 RLE
67%
Jäger 619
67%
Nissan Skyline GT-R (R32)
67%
Octane
67%
Cyclone
60%
Ford Mustang Shelby GT350R RLE
60%
Ripper
60%
Bone Shaker
50%
Bugatti Centodieci
50%
Bumblebee
50%
Endo
50%
Formula 1 2021
50%
Grog
50%
Honda Civic Type R
50%
McLaren Senna
50%
NASCAR Toyota Camry
50%
Nissan Z Performance
50%
Nomad
50%
Paladin
50%
Pontiac Firebird
50%
Primo
50%
Ram 1500 RHO
50%
Road Hog
50%
Samurai
50%
Twinzer
50%
Whiplash
50%
Zippy
50%
007's Aston Martin Valhalla
40%
Road Hog XL
40%
X-Devil Mk2
40%
Armadillo
33%
Artemis
33%
Azura
33%
Chikara
33%
Ford Mustang Shelby GT500
33%
Formula 1 2022
33%
Gizmo
33%
NASCAR Chevrolet Camaro
33%
Octane ZSR
33%
Tygris
33%
Werewolf
33%
Batmobile (2022)
25%
Harbinger
25%
Masamune
25%
Maverick
25%
Nexus
25%
Nissan Silvia
25%
The Dark Knight's Tumbler
25%
Gazella GT
20%
Mudcat
20%
Komodo
17%
007's Aston Martin DBS
0%
Ace
0%
Admiral
0%
Animus GP
0%
Behemoth
0%
Beskar
0%
BMW M3 (E30)
0%
Breakout X
0%
Centio
0%
Chevrolet Astro
0%
Diesel
0%
Diestro
0%
Dodge Charger Daytona Scat Pack
0%
Ecto-1
0%
Emperor
0%
Esper
0%
Fast 4WD
0%
Fast & Furious Dodge Charger
0%
Fast & Furious Mazda RX-7
0%
Fast & Furious Nissan Skyline
0%
Fast & Furious Pontiac Fiero
0%
Fennec ZR-F
0%
Fuse
0%
Guardian
0%
Hearse
0%
Hogsticker
0%
Ice Charger
0%
Imperator DT5
0%
Insidio
0%
Jackal
0%
Jeep Wrangler Rubicon
0%
K.I.T.T.
0%
Lockjaw
0%
Maestro
0%
Mako
0%
Mamba
0%
Mantis
0%
McLaren 765LT
0%
Megastar
0%
MR11
0%
Nemesis
0%
Outlaw
0%
Peregrine TT
0%
Porsche 911 Turbo
0%
Proteus
0%
Quadra Turbo-R
0%
R3MX
0%
Recoil AV
0%
Redline
0%
Revolver
0%
Ronin
0%
Samus' Gunship
0%
Scarab
0%
Scorpion
0%
Sentinel
0%
Shokunin
0%
Stampede
0%
Sweet Tooth
0%
Takumi RX-T
0%
The Incredibile
0%
The Mystery Machine
0%
Turtle Van
0%
Twin Mill III
0%
Tyranno
0%
Void Burn
0%
Xentari
0%
No matching quizzes found
Score Distribution
Percent of People with Each Score
Percentile by Number Answered
Your Score History
You have not taken this quiz since the last reset